Exposicions temporals, activitats i tallers : La Pahissa del Marquet : Arts-Lletres-Natura : De juny a desembre 2022 / De juny a desembre 2022 /

Descripció física: 1 fulletó ; 10 pàgs. ; il. col. ; 10 x 21 cm
Idioma: Català

MARC

LEADER 00000nam a22000007a 4500
001 27418
003 Arxiu
005 20260324181153.0
008 230228b spa||||| |||| 00| 0 cat d
017 |a B 11408-2022 
040 |a agdb  |b cat 
041 |a cat 
110 1 |a Parc Natural de Sant Llorenç del Munt i l'Obac (Catalunya)  |9 10145  |b Xarxa de Parcs Naturals 
245 |a Exposicions temporals, activitats i tallers : La Pahissa del Marquet : Arts-Lletres-Natura :   |b De juny a desembre 2022 /   |c Parc Natural de Sant Llorenç del Munt i l'Obac 
260 |a Barcelona :   |b Diputació de Barcelona. Xarxa de Parcs Naturals ;   |c 2022 
300 |a 1 fulletó ; 10 pàgs. ;   |b il. col. ;   |c 10 x 21 cm 
610 2 0 |9 52894  |a Parc Natural de Sant Llorenç del Munt i l'Obac (Catalunya)  |x Activitats culturals 
610 1 0 |9 52895  |a Barcelona (Catalunya : Província).   |b Xarxa de Parcs Naturals  |x Activitats culturals 
655 0 |a Fulletons  |9 55858 
710 1 |a Barcelona (Catalunya : Província).  |b Xarxa de Parcs Naturals  |9 7250 
710 1 |9 52730  |a Barcelona (Catalunya : Província).  |b Gerència de Serveis d’Espais Naturals 
942 |2 udc  |c ARXIU  |n 1 
952 |0 0  |1 0  |2 udc  |4 0  |6 FU7467  |7 1  |9 65360  |a Arxiu  |b Arxiu  |d 2023-02-28  |l 0  |o FU-74-67  |p 27418  |r 2023-02-28 00:00:00  |w 2023-02-28  |y ARXIU 
999 |c 83100  |d 83100